[Event "Titled Tue 27th May Late"]
[Site "chess.com INT"]
[Date "2025.05.27"]
[Round "11"]
[White "Dambaev, Dashi"]
[Black "Reprintsev, Alexander"]
[Result "1-0"]
[WhiteTitle "CM"]
[BlackTitle "IM"]
[WhiteElo "2211"]
[BlackElo "2256"]
[WhiteFideId "55628494"]
[BlackFideId "14100541"]
[EventDate "2025.05.27"]

1. d4 d5 2. c4 e5 3. dxe5 d4 4. Nf3 Nc6 5. a3 g6 6. b4 Bg7 7. Bb2 Nh6 8. Nxd4
Nxe5 9. e3 O-O 10. Be2 Qg5 11. g3 Neg4 12. Nd2 Nxe3 13. fxe3 Qxe3 14. Nc2 Qg5
15. Bxg7 Kxg7 16. Nf3 Qe7 17. Qd2 Rd8 18. Qe3 Qf6 19. Qe5 Qxe5 20. Nxe5 Bh3 21.
Kf2 Rd2 22. Ne3 Re8 23. Nf3 Rxe2+ 24. Kxe2 Nf5 25. Ng5 Rxe3+ 26. Kf2 Bg4 27.
Rhe1 Rd3 28. Ne4 Nd4 29. Re3 Rxe3 30. Kxe3 Nc2+ 31. Kd3 Nxa1 32. Kc3 Bf5 33. Nc5
b6 34. Na6 Nc2 35. Nxc7 Nxa3 36. c5 bxc5 37. bxc5 Kf8 38. Kb4 Nc2+ 39. Ka5 Ke7
40. Ka6 Kd7 41. Nd5 Kc6 42. Nf6 Kxc5 43. Nxh7 Kd4 44. Kxa7 Ke3 45. Ng5 Be6 46.
Kb6 Kf2 47. Kc5 Kg2 48. Kd6 Ba2 49. Ke5 Ne3 50. Kf4 Nd5+ 51. Ke5 Nc7 52. Kf6
Ne8+ 53. Ke7 f6 54. Nh7 Nc7 55. Nxf6 Kxh2 56. g4 Kg3 57. Kf8 Ne6+ 58. Kf7 Nf4+
59. Kg7 Kh4 60. Kh6 Bb1 61. g5 Ne6 62. Nh7 1-0

[Event "Titled Tue 27th May Late"]
[Site "chess.com INT"]
[Date "2025.05.27"]
[Round "11"]
[White "Sydoryka, Vladyslav"]
[Black "Dominguez, Ramiro"]
[Result "1-0"]
[WhiteTitle "FM"]
[BlackTitle "FM"]
[WhiteElo "2224"]
[BlackElo "2185"]
[WhiteFideId "14145928"]
[BlackFideId "4420055"]
[EventDate "2025.05.27"]

1. c4 Nf6 2. g3 e5 3. Bg2 Nc6 4. Nc3 Be7 5. Nf3 O-O 6. O-O h6 7. d4 exd4 8. Nxd4
Ne5 9. b3 d6 10. Bb2 c6 11. h3 Re8 12. Qd2 Bf8 13. Rad1 Qc7 14. Kh2 a6 15. Rfe1
Bd7 16. Qc2 Rad8 17. e4 Qc8 18. f4 Ng6 19. Nf3 Nh5 20. Ne2 c5 21. f5 Ne5 22.
Nxe5 dxe5 23. Nc3 Bc6 24. Nd5 Bxd5 25. exd5 Bd6 26. Qe2 Qxf5 27. Be4 Qg5 28. Qg4
Qxg4 29. hxg4 Nf6 30. Kh3 Nxe4 31. Rxe4 g6 32. Rf1 Re7 33. Bc1 Kg7 34. Kg2 Rf8
35. Rh1 Rh8 36. Rf1 f6 37. Re2 h5 38. Ref2 Rf7 39. Bg5 Rhf8 40. Be3 hxg4 41. Rh1
g5 42. Rf5 Kg6 43. Rhf1 Be7 44. b4 b6 45. R5f2 f5 46. Rd2 f4 47. Bg1 f3+ 48. Kf2
e4 49. Ke3 cxb4 50. Kxe4 Bd6 51. Bxb6 Re8+ 52. Kd3 Rfe7 53. c5 Bxg3 54. c6 Re2
55. Bc5 Rxd2+ 56. Kxd2 Bf4+ 57. Kd3 g3 58. Rxf3 g2 59. Kc4 Re3 60. Bxe3 Bxe3 61.
Rg3 g1=Q 62. Rxg1 Bxg1 63. c7 b3 64. c8=Q b2 65. Qe6+ Kh5 66. Qh3+ Kg6 67. Qd3+
Kg7 68. Qb1 Bd4 69. Kxd4 Kf6 70. Qxb2 1-0

[Event "Titled Tue 27th May Late"]
[Site "chess.com INT"]
[Date "2025.05.27"]
[Round "11"]
[White "Ghoreishi Amiri, Seyed Kian"]
[Black "Szpar, Milosz"]
[Result "0-1"]
[WhiteTitle "CM"]
[BlackTitle "IM"]
[WhiteElo "2215"]
[BlackElo "2475"]
[WhiteFideId "36757527"]
[BlackFideId "1184989"]
[EventDate "2025.05.27"]

1. e4 e6 2. d4 d5 3. exd5 exd5 4. Bd3 c5 5. dxc5 Bxc5 6. Nf3 Nc6 7. O-O Nf6 8.
Re1+ Be6 9. Bg5 O-O 10. Nbd2 h6 11. Bh4 g5 12. Bg3 Nh5 13. Nb3 Bb6 14. c3 Nxg3
15. hxg3 Qf6 16. Nbd4 Bg4 17. Qd2 Kg7 18. a4 Rfe8 19. Nh2 Bd7 20. Nb3 a6 21. a5
Ba7 22. Bf1 Ne5 23. Nd4 Re7 24. Re3 Rae8 25. Rae1 Bb8 26. Qd1 Bc7 27. b4 Bc8 28.
Qh5 Qg6 29. Qxg6+ Kxg6 30. Bd3+ Kf6 31. Bb1 h5 32. Nhf3 Bg4 33. Nh2 Bd7 34. Nhf3
Ng6 35. Rxe7 Rxe7 36. Rxe7 Nxe7 37. Bd3 g4 38. Nh4 Nc6 39. Nb3 Be5 40. Nc5 Bc8
41. Na4 d4 42. cxd4 Bxd4 43. b5 Nxa5 44. Kf1 Bd7 45. bxa6 bxa6 46. Bc2 Bb5+ 47.
Ke1 Nc4 48. f3 Ne3 49. Bb3 Ke7 50. Kd2 Nf1+ 51. Ke1 Nxg3 52. Bc2 Kf6 53. Kd2 Kg5
54. f4+ Kxh4 55. Bb3 Bxa4 56. Bxa4 f6 57. Kd3 Bb6 58. Bb3 Nh1 59. Ke2 Kg3 60. f5
Kxg2 61. Bd5+ Kg1 62. Ke1 Ng3 63. Bc6 h4 64. Bb7 h3 65. Bxa6 h2 66. Bb7 Nh5 67.
Ke2 Nf4+ 68. Kd2 Ng2 69. Kd3 h1=Q 70. Kc4 g3 71. Kd5 Bf2 72. Ke6 Bd4 73. Kf7 Be5
74. Bd5 Qh7+ 75. Kf8 Nf4 76. Bc6 Kf2 77. Ke8 Bd6 78. Kd8 Qe7+ 79. Kc8 Qc7# 0-1

[Event "Titled Tue 27th May Late"]
[Site "chess.com INT"]
[Date "2025.05.27"]
[Round "11"]
[White "Smieszek, Wojciech"]
[Black "Bagchi, Sounak"]
[Result "1/2-1/2"]
[WhiteTitle "CM"]
[WhiteElo "2141"]
[BlackElo "2030"]
[WhiteFideId "1156047"]
[BlackFideId "30970059"]
[EventDate "2025.05.27"]

1. e4 d5 2. exd5 c6 3. dxc6 Nxc6 4. Nf3 Bf5 5. d4 e6 6. c4 Nf6 7. Bd3 Bxd3 8.
Qxd3 Bc5 9. Be3 Nb4 10. Qd1 Be7 11. a3 Nc6 12. O-O Ng4 13. Nc3 Nxe3 14. fxe3 O-O
15. d5 exd5 16. cxd5 Na5 17. b4 Nc4 18. Qd4 Rc8 19. e4 Bf6 20. e5 Nxe5 21. Nxe5
Qc7 22. d6 Qxc3 23. Qxc3 Rxc3 24. Nd7 Bd4+ 25. Kh1 Rd8 26. Rad1 Rxd7 27. Rxd4
Rc6 28. Rfd1 f6 29. Kg1 Kf7 30. b5 Rc5 31. a4 Ke6 32. Kf2 Rc2+ 33. Kf3 Rc3+ 34.
Kf4 h5 35. h4 Rc2 36. g4 hxg4 37. Kxg4 Re2 38. Kh5 Kf7 39. Kg4 g6 40. Rc1 Re6
41. Rc7 Ke8 42. a5 Kd8 43. b6 axb6 44. axb6 Re1 45. Rdc4 Rxd6 46. Rxb7 Rb1 47.
Ra4 Rc6 48. Rg7 Rcxb6 49. Ra8+ Rb8 50. Rg8+ Kc7 51. Raxb8 Rxb8 52. Rxg6 Kd7 53.
Rxf6 Ke7 54. Rf2 Rg8+ 55. Kh3 Rf8 56. Ra2 Kf7 57. Ra7+ Kg6 58. Kg4 Rb8 59. Ra6+
Kg7 60. h5 Kh8 61. Kg5 Rb5+ 62. Kh6 Rb8 63. Ra7 Rc8 64. Ra6 Rb8 65. Rf6 Ra8 66.
Kg6 Rb8 67. h6 Rg8+ 68. Kh5 Ra8 69. Rf7 Ra5+ 70. Kg6 Ra8 71. h7 Ra6+ 72. Kh5
Ra5+ 73. Kg6 Ra6+ 74. Rf6 Ra8 75. Kh6 Rb8 76. Rg6 Re8 77. Rg8+ Rxg8 78. hxg8=Q+
Kxg8 1/2-1/2

[Event "Titled Tue 27th May Late"]
[Site "chess.com INT"]
[Date "2025.05.27"]
[Round "11"]
[White "Puzyrevsky, Semyon"]
[Black "Zhigalko, Sergei"]
[Result "1-0"]
[WhiteTitle "FM"]
[BlackTitle "GM"]
[WhiteElo "2253"]
[BlackElo "2572"]
[WhiteFideId "24240931"]
[BlackFideId "13502956"]
[EventDate "2025.05.27"]

1. Nf3 d5 2. b3 Bf5 3. Bb2 e6 4. e3 Nf6 5. c4 Bd6 6. Nc3 Nbd7 7. h3 c6 8. Nh4
Bg6 9. Nxg6 hxg6 10. d4 Qe7 11. Be2 Ba3 12. Qd2 O-O 13. O-O Rfe8 14. Bf3 Rad8
15. Rad1 Nb6 16. Bxa3 Qxa3 17. c5 Nbd7 18. Nb1 Qa6 19. Be2 b5 20. cxb6 Qxb6 21.
b4 Ne4 22. Qe1 e5 23. a3 exd4 24. Rxd4 a5 25. Nc3 Nd6 26. Na4 Qa7 27. bxa5 Rb8
28. Qc3 Rec8 29. Rc1 Nb5 30. Bxb5 Rxb5 31. Nb6 Nxb6 32. axb6 Qxb6 33. a4 Rb3 34.
Qc5 Ra8 35. Qxc6 Qxc6 36. Rxc6 Ra3 37. Rd6 R3xa4 38. Rxa4 Rxa4 39. Rxd5 Ra2 40.
e4 Kf8 41. Rd7 Ke8 42. Rb7 Kf8 43. f3 f6 44. h4 Kg8 45. Kh2 Rc2 46. Kg3 Rd2 47.
Rc7 Kf8 48. Ra7 Re2 49. Ra4 Kf7 50. f4 Rb2 51. Ra3 Rb7 52. Kf3 Rc7 53. g3 Rb7
54. Rd3 Ra7 55. Ke3 Ke6 56. Rb3 Rc7 57. Rb6+ Ke7 58. Kd4 Rd7+ 59. Kc4 Rc7+ 60.
Kb4 Rc1 61. Rb7+ Kf8 62. Ka3 Re1 63. Rb4 Re3+ 64. Rb3 Rxe4 65. Rd3 Ke7 66. Rb3
Ke6 67. Kb2 Kf5 68. Rb7 Re2+ 69. Kc1 Re3 70. Rxg7 Rxg3 71. h5 Rg1+ 72. Kd2 Rg3
73. Ke2 1-0

[Event "Titled Tue 27th May Late"]
[Site "chess.com INT"]
[Date "2025.05.27"]
[Round "11"]
[White "Goryachkina, Aleksandra"]
[Black "Yanev, Tihomir"]
[Result "1-0"]
[WhiteTitle "GM"]
[BlackTitle "IM"]
[WhiteElo "2544"]
[BlackElo "2354"]
[WhiteFideId "4147103"]
[BlackFideId "2910110"]
[EventDate "2025.05.27"]

1. e4 e5 2. Nf3 Nc6 3. Bc4 d6 4. d4 exd4 5. Nxd4 Nf6 6. Nc3 Be7 7. O-O O-O 8.
Re1 Bd7 9. h3 Re8 10. Bf4 Bf8 11. Nxc6 Bxc6 12. e5 dxe5 13. Bxe5 Bd6 14. Bxd6
Qxd6 15. Qxd6 cxd6 16. Rxe8+ Rxe8 17. Rd1 Rd8 18. f3 Kf8 19. Kf2 Ne8 20. Ne2 Nc7
21. Nd4 g6 22. h4 d5 23. Bd3 Ne6 24. Nxe6+ fxe6 25. h5 Be8 26. Re1 Ke7 27. f4
Kd6 28. h6 a6 29. c3 Bb5 30. Bc2 Re8 31. Re5 Rf8 32. g3 Rc8 33. Ke3 Be8 34. Bd1
Bd7 35. Be2 a5 36. Kd4 b5 37. Bd3 Rb8 38. g4 Rf8 39. Ke3 b4 40. Rg5 bxc3 41.
bxc3 Rc8 42. Kd4 Rf8 43. Ke3 Ke7 44. Re5 Kd6 45. g5 Rc8 46. Kd2 Rb8 47. Kc2 Ba4+
48. Kd2 Rb2+ 49. Ke3 Rxa2 50. c4 Bc6 51. c5+ Kd7 52. Kd4 Ra4+ 53. Ke3 Rb4 54.
Kf3 a4 55. Re1 Rb3 56. Ke3 a3 57. Kd4 Bb5 58. Bxb5+ Rxb5 59. Ra1 Ra5 60. Ke5 Ra4
61. f5 gxf5 62. Kf6 d4 63. g6 hxg6 64. h7 Ra8 65. Rxa3 Rh8 66. Kg7 Rxh7+ 67.
Kxh7 e5 68. Kxg6 Ke6 69. c6 e4 70. c7 Kd7 71. Kxf5 e3 72. Ke4 e2 73. Ra1 Kxc7
74. Kd3 Kd6 75. Re1 Kd5 76. Rxe2 1-0

[Event "Titled Tue 27th May Late"]
[Site "chess.com INT"]
[Date "2025.05.27"]
[Round "11"]
[White "Povshednyi, Ivan"]
[Black "Medina Paz, Miguel"]
[Result "1/2-1/2"]
[WhiteTitle "FM"]
[BlackTitle "IM"]
[WhiteElo "2320"]
[BlackElo "2368"]
[WhiteFideId "14190907"]
[BlackFideId "7300379"]
[EventDate "2025.05.27"]

1. d4 Nf6 2. c4 g6 3. Nc3 Bg7 4. e4 d6 5. Nf3 O-O 6. Be2 e5 7. O-O Nc6 8. d5 Ne7
9. Ne1 Nd7 10. Nd3 f5 11. f3 f4 12. b4 g5 13. c5 Ng6 14. a4 Nf6 15. a5 a6 16.
Ba3 Rf7 17. b5 Bf8 18. bxa6 bxa6 19. cxd6 cxd6 20. Nb4 h5 21. Nc6 Qe8 22. Kf2 g4
23. Ke1 Bd7 24. Qb3 Kg7 25. Rc1 Bxc6 26. dxc6 Qxc6 27. Nd5 Qd7 28. Nb6 Qb7 29.
Kd2 d5 30. Bxf8+ Raxf8 31. exd5 Rd8 32. Rfd1 Rxd5+ 33. Ke1 Rxd1+ 34. Rxd1 e4 35.
Qc3 exf3 36. gxf3 gxf3 37. Bxf3 Qe7+ 38. Kf1 Qe5 39. Qxe5 Nxe5 40. Kf2 Rc7 41.
Rd2 Rc3 42. Bb7 Nfg4+ 43. Ke2 f3+ 44. Bxf3 Rxf3 45. Rd8 Rf2+ 46. Ke1 Nf3+ 47.
Kd1 Ne3+ 48. Kc1 Rc2+ 49. Kb1 Nd2+ 50. Ka1 Nd1 51. Rd7+ Kg6 52. Rd6+ Kf7 53. Na4
Nc3 54. Nxc3 Nb3+ 55. Kb1 Rxc3 56. Kb2 Rh3 57. Rxa6 Nc5 58. Ra7+ Kg6 59. Rc7
Na4+ 60. Kc2 Rxh2+ 61. Kb3 Rh1 62. Kxa4 Ra1+ 63. Kb5 h4 64. a6 h3 65. Rc2 Kg5
66. Kb6 Kg4 67. a7 Kg3 68. Rc3+ Kg2 69. Rc2+ Kg3 70. Rc3+ Kg2 71. Rc8 h2 72.
Rg8+ Kf1 73. Rf8+ Kg1 74. Rg8+ Kf2 75. Rh8 Kg1 76. Rg8+ Kh1 77. a8=Q+ Rxa8 78.
Rxa8 Kg1 79. Ra1+ Kg2 80. Ra2+ Kg1 81. Ra1+ Kg2 82. Kc5 h1=Q 83. Rxh1 Kxh1 1/2-1/2

[Event "Titled Tue 27th May Late"]
[Site "chess.com INT"]
[Date "2025.05.27"]
[Round "11"]
[White "Barseghyan, Armen Ar."]
[Black "Kilic, Eray"]
[Result "0-1"]
[WhiteTitle "IM"]
[BlackTitle "IM"]
[WhiteElo "2348"]
[BlackElo "2469"]
[WhiteFideId "13306707"]
[BlackFideId "44517173"]
[EventDate "2025.05.27"]

1. d4 Nf6 2. c4 e6 3. Nf3 d5 4. Nc3 Bb4 5. cxd5 exd5 6. Bf4 Ne4 7. Rc1 Nc6 8.
Nd2 g5 9. Bg3 Nf6 10. e3 h5 11. h3 h4 12. Bh2 g4 13. hxg4 Nxg4 14. Bf4 Be6 15.
Bb5 Bd6 16. Nxd5 Kf8 17. Bxd6+ Qxd6 18. Bxc6 bxc6 19. Nf4 Re8 20. Ne4 Qb4+ 21.
Qd2 Qe7 22. Nxe6+ Qxe6 23. Nc3 Qg6 24. Kf1 Re6 25. Qc2 Qf6 26. Kg1 Rg8 27. Rh3
Qg5 28. Ne4 Qg7 29. f4 Qg6 30. Qc5+ Re7 31. Ng5 f6 32. Ne6+ Kf7 33. f5 Qh6 34.
Re1 Rb8 35. Qc4 Ke8 36. Qxc6+ Kf7 37. Qc4 Kg8 38. b3 Kh7 39. e4 Rg8 40. Qe2 Kh8
41. Qf3 Rh7 42. Rd1 Qh5 43. d5 Qf7 44. d6 Ne5 45. Qf4 cxd6 46. Rxh4 Nf3+ 47.
Qxf3 Rxh4 48. Rxd6 Qh7 49. Kf2 Qh6 50. Nd8 Rf8 51. Rd7 Rf4 52. Nf7+ Rxf7 53.
Rxf7 Rxf3+ 54. gxf3 Qd2+ 55. Kg3 Qe1+ 56. Kg2 Qd2+ 57. Kg3 Kg8 58. Rxa7 Qe1+ 59.
Kg2 Qe2+ 60. Kg3 Qe3 61. Rd7 Qg1+ 62. Kh3 Kf8 63. Rd5 Kg7 64. a4 Qf2 65. Kg4
Qg2+ 66. Kh4 Qxf3 67. Rb5 Kh6 68. a5 Qf4+ 69. Kh3 Qf1+ 70. Kg4 Qxb5 71. b4 Qxb4
72. Kf4 Qxa5 0-1

[Event "Titled Tue 27th May Late"]
[Site "chess.com INT"]
[Date "2025.05.27"]
[Round "11"]
[White "Avramidou, Anastasia"]
[Black "Mei, Austin"]
[Result "1-0"]
[WhiteTitle "FM"]
[BlackTitle "FM"]
[WhiteElo "2294"]
[BlackElo "2280"]
[WhiteFideId "4239873"]
[BlackFideId "30948479"]
[EventDate "2025.05.27"]

1. e4 Nc6 2. d4 d5 3. e5 Bf5 4. c3 e6 5. Nd2 f6 6. exf6 Nxf6 7. Ngf3 Bd6 8. Be2
O-O 9. O-O e5 10. dxe5 Nxe5 11. Nxe5 Bxe5 12. Nf3 Bd6 13. Bg5 c6 14. Bh4 Qc7 15.
Bg3 Rad8 16. Bxd6 Rxd6 17. Nd4 Bg6 18. Bf3 Ne4 19. Bxe4 Bxe4 20. f3 Bg6 21. Re1
Qd7 22. Qd2 c5 23. Ne2 Bf7 24. Rad1 Re8 25. Ng3 d4 26. Ne4 Rd5 27. cxd4 Rxd4 28.
Qc2 b6 29. b3 Bg6 30. Qc4+ Kh8 31. Rxd4 cxd4 32. Qd3 h6 33. Rd1 Rd8 34. h3 Qe7
35. Re1 Qh4 36. Re2 Qf4 37. Qd2 Qc7 38. Nf2 d3 39. Re1 Qc2 40. Rd1 Kh7 41. Ne4
Bxe4 42. fxe4 Rc8 43. Qxd3 Qxd3 44. Rxd3 Rc2 45. a4 Re2 46. Rd7 Rxe4 47. Rxa7
Rb4 48. Ra6 Rxb3 49. Kf2 Kh8 50. Ra8+ Kh7 51. Ra7 Ra3 52. Ra6 Kh8 53. Ke2 Kh7
54. Kf2 Kh8 55. h4 Kh7 56. h5 Kh8 57. g3 Kh7 58. Kg2 Kg8 59. Kh3 Kh7 60. Kg4 Kg8
61. Kf4 Kf7 62. g4 Kf8 63. Kf5 Kf7 64. Ra7+ Kf8 65. Kg6 Rg3 66. Rf7+ Ke8 67. Rf4
Rc3 68. Kxg7 Rc6 69. Rf6 Rc4 70. Rg6 Rxa4 71. Kxh6 Kf7 72. g5 b5 73. Rb6 b4 74.
g6+ Kf8 75. Rb8+ Ke7 76. g7 Ra6+ 77. Kh7 b3 78. g8=Q b2 79. Rxb2 Re6 80. Qxe6+
Kxe6 81. Rf2 1-0

[Event "Titled Tue 27th May Late"]
[Site "chess.com INT"]
[Date "2025.05.27"]
[Round "11"]
[White "Adewumi, Tanitoluwa"]
[Black "Barria, Jose"]
[Result "1-0"]
[WhiteTitle "FM"]
[BlackTitle "FM"]
[WhiteElo "2376"]
[BlackElo "2379"]
[WhiteFideId "30966396"]
[BlackFideId "1939300"]
[EventDate "2025.05.27"]

1. b4 e5 2. Bb2 Bxb4 3. Bxe5 Nf6 4. Nf3 Nc6 5. Bb2 O-O 6. a3 Be7 7. e3 d5 8. c4
Be6 9. cxd5 Nxd5 10. Nc3 Nxc3 11. Bxc3 Bf6 12. Qc2 Bxc3 13. Qxc3 h6 14. Bd3 Bd5
15. Be2 Ne7 16. O-O b6 17. a4 c5 18. a5 Nc6 19. axb6 axb6 20. Rab1 Qc7 21. d4
Ra5 22. Qb2 cxd4 23. Nxd4 Nxd4 24. Qxd4 Rc5 25. h4 Re8 26. Bd3 Rd8 27. Rfd1 Rc8
28. Rb2 Rc1 29. Rxc1 Qxc1+ 30. Kh2 Qc7+ 31. f4 Be6 32. Rc2 Qe7 33. Rxc8+ Bxc8
34. Kg3 Qc7 35. Qe4 g6 36. h5 Bf5 37. Qe8+ Kg7 38. e4 Qc3 39. Kh2 Qxd3 40. Qe5+
Kh7 41. exf5 Qxf5 42. hxg6+ Kxg6 43. Qd6+ Qf6 44. Qd3+ Kg7 45. g3 Qg6 46. Qd4+
Qf6 47. Qd3 Qc6 48. Qd4+ f6 49. Qd3 b5 50. Qd4 Qb7 51. Qb4 Kf7 52. Qb3+ Ke7 53.
Qb4+ Ke6 54. g4 Kd5 55. Qb3+ Kd6 56. Qb4+ Kc6 57. Qe4+ Kb6 58. Qd4+ Ka6 59.
Qxf6+ Qb6 60. Qa1+ Kb7 61. Qg7+ Ka6 62. Qa1+ Kb7 63. Kg3 b4 64. Qg7+ Ka6 65.
Qa1+ Kb7 66. Qh1+ Qc6 67. Qb1 Qc3+ 68. Kh4 b3 69. Qh7+ Kb8 70. Qg8+ Kb7 71. Qf7+
Ka6 72. Qe6+ Ka5 73. Qd5+ Ka4 74. Qa8+ Kb4 75. f5 Qf6+ 76. Kg3 Qc3+ 77. Kh4 b2
78. Qb7+ Ka3 79. Qa6+ Kb3 80. Qb5+ Kc2 81. Qe2+ Qd2 82. Qc4+ Kb1 83. Qe4+ Kc1
84. Qc4+ Kd1 85. Qb3+ Qc2 86. Qf3+ Kc1 87. Qf1+ Qd1 88. Qc4+ Kb1 89. Qe4+ Ka1
90. Qa8+ Kb1 91. Qe4+ Qc2 92. Qe1+ Ka2 93. Qa5+ Kb3 94. Qb5+ Kc3 95. Qc5+ Kd2
96. Qd4+ Ke1 97. Qg1+ Ke2 98. Qg2+ Kd3 99. Qd5+ Ke3 100. Qe5+ Kf2 101. Qh2+ Kf3
102. Qxc2 1-0

[Event "Titled Tue 27th May Late"]
[Site "chess.com INT"]
[Date "2025.05.27"]
[Round "11"]
[White "Skramstad, Oda Kofoed"]
[Black "Garbuz, Vitaliy"]
[Result "0-1"]
[WhiteTitle "WCM"]
[BlackTitle "CM"]
[WhiteElo "1898"]
[BlackElo "2224"]
[WhiteFideId "1564862"]
[BlackFideId "12990710"]
[EventDate "2025.05.27"]

1. d4 d5 2. c4 e6 3. Nc3 c5 4. cxd5 cxd4 5. Qxd4 Nc6 6. Qd1 exd5 7. e3 Nf6 8.
Bb5 Bc5 9. Nf3 O-O 10. O-O Bg4 11. h3 Bh5 12. Be2 a6 13. a3 Rc8 14. b4 Ba7 15.
Bb2 d4 16. exd4 Nxd4 17. Nxd4 Bxd4 18. Bxh5 Nxh5 19. Qxh5 Bxc3 20. Bxc3 Rxc3 21.
Rfd1 Qf6 22. Ra2 Rfc8 23. Qg4 R8c4 24. Qf5 Rc1 25. Rd2 Rxd1+ 26. Rxd1 Rc1 27.
Qd3 Rxd1+ 28. Qxd1 g6 29. Qd3 Qa1+ 30. Kh2 Kg7 31. g3 h5 32. h4 Qe5 33. Kg2 Kf6
34. Qd8+ Kg7 35. Qd3 a5 36. b5 Qc5 37. a4 Qb4 38. Qd5 b6 39. Qe5+ Kh7 40. Qc7
Qe4+ 41. Kh2 Kg7 42. Qxb6 Qxa4 43. Qc5 Qb3 44. b6 a4 45. Qe5+ Kh7 46. Qc7 a3 47.
b7 a2 48. b8=Q Qxb8 49. Qxb8 a1=Q 50. Qf4 Kg7 51. Kg2 Qc3 52. Kh2 Qc6 53. Qd4+
Kh7 54. Qf4 Qe6 55. Kg2 Qd5+ 56. Kh2 Kg8 57. Qf6 Qd2 58. Kg2 Qd5+ 59. Kh2 Qc4
60. Kg2 Qg4 61. Qc3 Qe6 62. Qc7 Kg7 63. Qf4 Qd5+ 64. Qf3 Qe6 65. Qf4 Qc6+ 66.
Qf3 Qc2 67. Qf4 Kg8 68. Qf3 Qc4 69. Qf4 Qxf4 70. gxf4 Kg7 71. Kf3 Kf6 72. Ke4
Ke6 73. f3 Kf6 74. Kd4 Kf5 75. Ke3 f6 76. Kf2 Kxf4 77. Kg2 Ke3 78. Kg3 f5 79.
Kg2 f4 80. Kh3 Kxf3 81. Kh2 Kg4 82. Kg2 Kxh4 83. Kh2 g5 84. Kg2 Kg4 85. Kh2 Kf5
86. Kg2 g4 87. Kh2 h4 88. Kg2 Kg5 89. Kh2 Kg6 90. Kg2 Kh6 91. Kh2 Kh7 92. Kg2
Kh8 93. Kh2 Kg8 94. Kg2 Kf8 95. Kh2 Ke8 96. Kg2 Kd8 97. Kh2 Kc8 98. Kg2 Kb8 99.
Kh2 Ka8 100. Kg2 Ka7 101. Kh2 Ka6 102. Kg2 Ka5 103. Kh2 Ka4 104. Kg2 Ka3 105.
Kh2 Ka2 106. Kg2 Ka1 107. Kh2 Kb1 108. Kg2 Kc2 109. Kh2 Kd2 110. Kg2 Ke2 111.
Kh2 f3 112. Kh1 g3 113. Kg1 f2+ 114. Kg2 f1=B+ 115. Kg1 Bh3 116. Kh1 Bc8 117.
Kg1 h3 118. Kh1 Bb7+ 119. Kg1 h2# 0-1

[Event "Titled Tue 27th May Late"]
[Site "chess.com INT"]
[Date "2025.05.27"]
[Round "11"]
[White "Donchenko, Alexander"]
[Black "Saidov, Bilukhadzh"]
[Result "1/2-1/2"]
[WhiteTitle "GM"]
[BlackTitle "FM"]
[WhiteElo "2615"]
[BlackElo "2309"]
[WhiteFideId "24603295"]
[BlackFideId "34165476"]
[EventDate "2025.05.27"]

1. d4 d5 2. c4 e6 3. Nf3 Nf6 4. g3 c5 5. cxd5 exd5 6. Bg2 Nc6 7. O-O cxd4 8.
Nxd4 Be7 9. Nxc6 bxc6 10. Qc2 Bd7 11. Nc3 O-O 12. b3 Rc8 13. Bb2 Bg4 14. Rac1
Qd7 15. Rfd1 Bh3 16. e4 Bxg2 17. Kxg2 d4 18. e5 Ng4 19. Qe4 c5 20. Nd5 Bg5 21.
Rc2 Rfe8 22. e6 fxe6 23. Qxg4 Qxd5+ 24. Qf3 Bf6 25. Ba3 c4 26. bxc4 Rxc4 27.
Rxc4 Qxc4 28. Qe4 Qxa2 29. Bc5 e5 30. Rd3 a6 31. Rxd4 Rc8 32. Rd5 h6 33. Be3 Qc4
34. Qf3 Qc6 35. h4 Qe6 36. Qe4 Qc6 37. Qf3 Qe6 38. Qe4 Qc6 39. h5 Kf7 40. Kh2
Ke6 41. Rd4 Qxe4 42. Rxe4 Ra8 43. Ra4 a5 44. Kh3 Bd8 45. Kg4 Kd5 46. Kf5 Kc6 47.
Kg6 Bf6 48. Bxh6 Kb5 49. Ra1 gxh6 50. Kxf6 Ra6+ 51. Kxe5 a4 52. f4 Kc6 53. Ra3
Kd7 54. g4 Ke7 55. Kf5 Ra5+ 56. Ke4 Ke6 57. Kf3 Ra6 58. Kg3 Ra5 59. Kh4 Kd5 60.
g5 Ke4 61. g6 Kf5 62. g7 Ra8 63. Rxa4 Rg8 64. Ra7 Kxf4 65. Rf7+ Ke5 66. Kg4 Ke6
67. Ra7 Kf6 68. Kf4 Rxg7 69. Ra6+ Kf7 70. Rxh6 Rg1 71. Ra6 Rh1 72. Kg5 Rg1+ 73.
Kh6 Rg2 74. Ra7+ Kf8 75. Kh7 Rh2 76. h6 Rh1 77. Ra4 Rf1 78. Rg4 Rf2 79. Rg8+ Kf7
80. Rg6 Rf1 81. Rb6 Rf2 82. Kh8 Rf1 83. Kh7 Rf2 84. Rb7+ Kf8 85. Rb8+ Kf7 86.
Rg8 Rh2 87. Rg7+ Kf8 88. Rg6 Kf7 89. Rg5 Rf2 90. Rg4 Rf1 91. Rh4 Rf2 92. Rh3 Rf1
93. Kh8 Rf2 94. Rg3 Rf1 95. Rg7+ Kf8 96. Rg8+ Kf7 97. Ra8 Rf2 98. Ra7+ Kf8 99.
Rb7 Rf1 100. Rb6 Rf2 101. Kh7 Kf7 1/2-1/2